000 00331 a2200157 4500
001 57407
020 _a8526241818
040 _cAnchieta - Pituba
100 _aChianca, Leonardo
240 1 0 _aRomeu e Julieta
_lpor
245 1 0 _aRomeu e Julieta
300 _a79
362 0 _a2001
650 4 _aLiteratura juvenil
942 _cBK
999 _c57407
_d57407